000 00296nam a22001337a 4500
008 170904b xxu||||| |||| 00| 0 eng d
020 _a9780195173277
041 _aeng
080 _a070
100 _a40
101 _aMED
245 _aDEMOCRACY AND THE NEWS
_cGANS.H.J
942 _2udc
_cBK
999 _c26008
_d26008